000 00361cam a22001337a 4500
008 180718b1839 xxu||||| |||| 00| 0 eng d
082 _aA6x54152 P369
100 _aPemberton, R. B.
245 _aReport on bootan
_cby R. B. Pemberton
260 _aCalcutta
_bG. H. Huttmann, Bengal Military
_c1839
300 _a111p.
500 _aRs. 12.50
650 _aBhutan.
999 _c412475
_d412475